000 00799nam a2200229Ii 4500
003 JO-AjNU
008 230605s9999||||xx |||||||||||||| ||und||
017 _a3015/8/2012
020 _a978-9957-92-000-5
040 _aJO-AjNU
_bara
_erda
_cJO-AjNU
041 _aara
050 1 4 _aLC4704 2013
100 3 _aعصفور، قيس نعيم مؤلف/بدران،أحمد إسماعيل م.مشارك,
_eauthor
_943081
245 0 0 _aصعوبات التعلم الأكاديمية: الوصف والعلاج
250 _aط1
264 3 1 _aعمان:دار الفكر،2013
300 _a231ص
336 _atext
_btxt
_2rdacontent
337 _aunmediated
_bn
_2rdamedia
338 _avolume
_bnc
_2rdacarrier
650 4 _aصعوبات التعلم-أساليب التدريس-التدريس
_943082
999 _aA18495
_c22063
_d22063